000 00492nam a2200193 i 4500
001 95554
005 20230410105331.0
008 101028b1990 dr a 000 0 spa
040 _aDRFGD
041 _aSpa
050 1 4 _aH519p 1990
100 _aHenríquez Gratereaux, Federico
245 1 _aPeña Batlle y la dominicanidad /
_cFederico Henríquez Gratereaux
260 _aSanto Domingo :
_bTaller,
_c1996
300 _a16 p.
942 _2lcc
_cbk
946 _aPP
994 _aC0
_bDRFGD
999 _c34605
_d34605